000 00419nam a2200157Ia 4500
008 221030s9999 xx 000 0 und d
020 _a0074621408
041 _aEnglish
082 _a105.23
_bGup
100 _aR. G. Gupta
245 0 _aAudio & Video Engineering Systems Principles, Maintenance and Troubleshooting
_cby R. G. Gupta
260 _bTMH
_aNew Delhi
_c1998
300 _a334
650 _aECE
942 _cBK
999 _c7802
_d7802